000 00475ngm a2200169 i 4500
001 C2-0303295
003 PPAK
005 20180727220347.0
008 100322s1998 xxu|||| ||||| | vleng d
040 _aPPAK
_beng
_cPPAK
_erda
245 1 0 _aBill Clinton :
_bhope, charisma & controversy
264 1 _aUnited States :
_bA&E Television Networks ,
_c1998
336 _2rdacontent
_atext
337 _2rdamedia
_aunmediated
338 _2rdacarrier
_avolume
942 _2ddc
_cDVD
999 _c166162
_d166162